Things which become sound doctrine. (Record no. 13022)

000 -LEADER
fixed length control field 00830nam a2200217 a 4500
001 - CONTROL NUMBER
control field :::00010840$&:&@@
003 - CONTROL NUMBER IDENTIFIER
control field OkBaRHE
005 - DATE AND TIME OF LATEST TRANSACTION
control field 20000607103403.0
008 - FIXED-LENGTH DATA ELEMENTS--GENERAL INFORMATION
fixed length control field s1965 j 000 0 eng u
040 ## - CATALOGING SOURCE
Transcribing agency
100 1# - MAIN ENTRY--PERSONAL NAME
Personal name Pentecost, J. Dwight.
245 10 - TITLE STATEMENT
Title Things which become sound doctrine.
260 ## - PUBLICATION, DISTRIBUTION, ETC. (IMPRINT)
Place of publication, distribution, etc Grand Rapids, MI., :
Name of publisher, distributor, etc Zondervan Publishing House
Date of publication, distribution, etc c1965
300 ## - PHYSICAL DESCRIPTION
Extent 159 p. ;
Dimensions 21 cm.
650 ## - SUBJECT ADDED ENTRY--TOPICAL TERM
Topical term or geographic name as entry element Christian Life
General subdivision 1960-
650 ## - SUBJECT ADDED ENTRY--TOPICAL TERM
Topical term or geographic name as entry element Theology, Doctrinal
General subdivision Popular Works
942 ## - ADDED ENTRY ELEMENTS (KOHA)
Source of classification or shelving scheme
Koha item type Books
Copies
Permanent Location Koha item type Source of classification or shelving scheme Damaged status Not for loan Full call number Shelving location Withdrawn status Date last seen Copy number Barcode Lost status Date acquired Price effective from
RHEMA Bible Training CollegeBooks   BV 4501.2 .P4General Stacks 2010-04-14110840 2010-04-142010-04-14
RHEMA Bible Training CollegeBooks   BV 4501.2 .P4General Stacks 2010-04-14215082 2010-04-142010-04-14
RHEMA Bible Training CollegeBooks   BV 4501.2 .P4General Stacks 2010-04-14318519 2010-04-142010-04-14